<?xml version="1.0" encoding="UTF-8"?>
<record
    xmlns:xsi="http://www.w3.org/2001/XMLSchema-instance"
    xsi:schemaLocation="http://www.loc.gov/MARC21/slim http://www.loc.gov/standards/marcxml/schema/MARC21slim.xsd"
    xmlns="http://www.loc.gov/MARC21/slim">

  <leader>04599nam a2200445 a 4500</leader>
  <controlfield tag="001">dia_3843</controlfield>
  <controlfield tag="003">CHAP</controlfield>
  <controlfield tag="005">20250527121304.0</controlfield>
  <controlfield tag="007">ta</controlfield>
  <controlfield tag="008">220601s2003    mx ad  frm    001 0 spa d</controlfield>
  <datafield tag="040" ind1=" " ind2=" ">
    <subfield code="a">mxchpua</subfield>
    <subfield code="c">CHAP</subfield>
  </datafield>
  <datafield tag="041" ind1="0" ind2=" ">
    <subfield code="a">spa</subfield>
    <subfield code="b">eng</subfield>
  </datafield>
  <datafield tag="090" ind1=" " ind2=" ">
    <subfield code="a">Tesis</subfield>
    <subfield code="b">Z37</subfield>
    <subfield code="c">2003</subfield>
  </datafield>
  <datafield tag="100" ind1="1" ind2=" ">
    <subfield code="a">Zaragoza Zaragoza, Fidel</subfield>
  </datafield>
  <datafield tag="240" ind1="1" ind2="0">
    <subfield code="a">Use of the refrigerated transport for the supplyof fruits and vegetables to Mexico city and metropolitan area.</subfield>
    <subfield code="l">Espa&#xF1;ol</subfield>
  </datafield>
  <datafield tag="245" ind1="1" ind2="0">
    <subfield code="a">Uso de transporte refrigerado para el abasto de frutas y hortalizas en el valle de M&#xE9;xico, Distrito Federal /</subfield>
    <subfield code="c">Fidel Zaragoza Zaragoza</subfield>
  </datafield>
  <datafield tag="264" ind1=" " ind2=" ">
    <subfield code="a">Chapingo, M&#xE9;xico :</subfield>
    <subfield code="b">El autor,</subfield>
    <subfield code="c">2003</subfield>
  </datafield>
  <datafield tag="300" ind1=" " ind2=" ">
    <subfield code="a">xi, 134 hojas :</subfield>
    <subfield code="b">ilustraciones, tablas, gr&#xE1;ficas</subfield>
  </datafield>
  <datafield tag="336" ind1=" " ind2=" ">
    <subfield code="2">rdacontent</subfield>
    <subfield code="a">texto</subfield>
    <subfield code="b">txt</subfield>
  </datafield>
  <datafield tag="337" ind1=" " ind2=" ">
    <subfield code="2">rdamedia</subfield>
    <subfield code="a">no mediado</subfield>
    <subfield code="b">n</subfield>
  </datafield>
  <datafield tag="338" ind1=" " ind2=" ">
    <subfield code="2">rdacarrier</subfield>
    <subfield code="a">volumen</subfield>
    <subfield code="b">nc</subfield>
  </datafield>
  <datafield tag="502" ind1=" " ind2=" ">
    <subfield code="a">Tesis</subfield>
    <subfield code="b">(Ingeniero Agroindustrial) --</subfield>
    <subfield code="c">UACh. Departamento de Ingenier&#xED;a Agroindustrial,</subfield>
    <subfield code="d">2003</subfield>
  </datafield>
  <datafield tag="504" ind1=" " ind2=" ">
    <subfield code="a">Bibliograf&#xED;a: hojas 99-102</subfield>
  </datafield>
  <datafield tag="520" ind1="3" ind2=" ">
    <subfield code="a">Debido a la gran necesidad de preservar las frutas y hortalizas lo mas fresco posible desde su cosecha hasta su consumo, surgi&#xF3; la necesidad de realizar un estudio a cerca del uso del transporte refrigerado en el distrito federal y &#xE1;rea metropolitana. El objetivo de este estudio fue analizar el uso y demanda del transporte refrigerado para el abasto de frutas y hortalizas al distrito federal y &#xE1;rea metropolitana. Para obtener informaci&#xF3;n se aplicaron encuestas a bodegas de distibuci&#xF3;n en la central de abasto del distrito federal, asi como a los centros de acopio de los supermercados, al igual que a las empresas que ofrecen los servicios de transporte refrigerado. Los resultados indican que el transporte refrigerado est&#xE1; cobrando gran importancia debido a que tanto la central de abasto del distrito federal como los centros de distribuci&#xF3;n de los supermercados, demandan productos mas frescos y que es indispensable su uso para poder comercializarlos; No todas las frutas y hortalizas se transportan con refrigeraci&#xF3;n, solo aquellas que por su composici&#xF3;n y naturaleza asi lo demandan; los costos unitarios de transportaci&#xF3;n de frutas son 66% menores en comparaci&#xF3;n con las hortalizas. Generalmente el tractocami&#xF3;n de 21 toneladas (trailer) se usa para transportar frutas y el cami&#xF3;n de 15 toneladas (torton) para las hortalizas, debido a que los centros de producci&#xF3;n de las frutas est&#xE1;n mas alejados, que los centros de producci&#xF3;n de hortalizas.Due to the great necessity to preserve the fruits and vegetables the freshest possible</subfield>
  </datafield>
  <datafield tag="520" ind1="3" ind2=" ">
    <subfield code="a">from its harvest to its consumption, arose the necessity to make a study about the use of refrigerated transport in Mexico City and metropolitan area. The objective of this study was to analyze the use and demand of the refrigerated transport to supply fruits and vegetables to Mexico City, and metropolitan area. In order to obtain data surveys to warehouses of distribution in the power station of supply of the federal district, as well as to the centers of storing of the supermarkets were applied, like to the companies that offer the refrigerated transport services. The results indicate that the refrigerated transport is receiving great importance because as much the supply centers to Mexico City like the distribution centers of the supermarkets demand fresher products, and therefor they use is indispensable to be able to commercialize them. All the fruits and vegetables are not transported with refrigeration, only those that by their composition and nature demand it. the costs per unit by transport of fruits are 66% less than the vegetables. The trailer is generally used to transport fruits and the truck for the vegetables, because the production centers of the fruits are more remote then the production centers of vegetables.</subfield>
  </datafield>
  <datafield tag="650" ind1="1" ind2="3">
    <subfield code="a">Frutos  </subfield>
    <subfield code="2">atg</subfield>
    <subfield code="x">Preservaci&#xF3;n de alimentos</subfield>
  </datafield>
  <datafield tag="650" ind1="1" ind2="3">
    <subfield code="a">Verduras  </subfield>
    <subfield code="2">atg</subfield>
    <subfield code="x">Preservaci&#xF3;n de alimentos</subfield>
  </datafield>
  <datafield tag="650" ind1="1" ind2="3">
    <subfield code="a">Transporte de alimentos  </subfield>
    <subfield code="2">atg</subfield>
    <subfield code="x">Refrigeraci&#xF3;n</subfield>
  </datafield>
  <datafield tag="650" ind1="1" ind2="3">
    <subfield code="a">Fruits  </subfield>
    <subfield code="2">atg</subfield>
    <subfield code="x">Food preservation</subfield>
  </datafield>
  <datafield tag="650" ind1="1" ind2="3">
    <subfield code="a">Vegetables  </subfield>
    <subfield code="2">atg</subfield>
    <subfield code="x">Food preservation</subfield>
  </datafield>
  <datafield tag="650" ind1="1" ind2="3">
    <subfield code="a">Food transport</subfield>
    <subfield code="2">atg</subfield>
    <subfield code="x">Refrigeration</subfield>
  </datafield>
  <datafield tag="700" ind1="1" ind2=" ">
    <subfield code="a">Covarrubias Guti&#xE9;rrez, Ignacio</subfield>
    <subfield code="e">director</subfield>
  </datafield>
  <datafield tag="700" ind1="1" ind2=" ">
    <subfield code="a">Marchand Ortega, Rub&#xE9;n</subfield>
    <subfield code="e">asesor</subfield>
  </datafield>
  <datafield tag="700" ind1="1" ind2=" ">
    <subfield code="a">Corrales Garc&#xED;a, Jos&#xE9; Joel Enrique</subfield>
    <subfield code="e">asesor</subfield>
  </datafield>
  <datafield tag="856" ind1="4" ind2="1">
    <subfield code="u">http://10.13.5.2/tesis/99910.pdf</subfield>
    <subfield code="y">DESCARGAR PDF</subfield>
  </datafield>
  <datafield tag="901" ind1=" " ind2=" ">
    <subfield code="a">TESIS Z37 2003</subfield>
  </datafield>
  <datafield tag="902" ind1=" " ind2=" ">
    <subfield code="a">M</subfield>
  </datafield>
  <datafield tag="905" ind1=" " ind2=" ">
    <subfield code="a">0000002003                          mx     0000000000spa00</subfield>
  </datafield>
  <datafield tag="942" ind1=" " ind2=" ">
    <subfield code="c">TESIS</subfield>
    <subfield code="2">Clasificaci&#xF3;n Universidad Aut&#xF3;noma Chapingo</subfield>
  </datafield>
  <datafield tag="999" ind1=" " ind2=" ">
    <subfield code="c">209427</subfield>
    <subfield code="d">209427</subfield>
  </datafield>
  <datafield tag="952" ind1=" " ind2=" ">
    <subfield code="0">0</subfield>
    <subfield code="1">0</subfield>
    <subfield code="2">local</subfield>
    <subfield code="4">0</subfield>
    <subfield code="5">1</subfield>
    <subfield code="7">0</subfield>
    <subfield code="8">TESIS</subfield>
    <subfield code="a">IA_</subfield>
    <subfield code="b">IA_</subfield>
    <subfield code="d">2025-05-27</subfield>
    <subfield code="e">El autor</subfield>
    <subfield code="l">0</subfield>
    <subfield code="o">Tesis Z37 2003</subfield>
    <subfield code="p">1101015478</subfield>
    <subfield code="r">2026-02-02 00:00:00</subfield>
    <subfield code="t">Ej.1</subfield>
    <subfield code="w">2025-05-27</subfield>
    <subfield code="y">TESIS</subfield>
  </datafield>
  <datafield tag="952" ind1=" " ind2=" ">
    <subfield code="0">0</subfield>
    <subfield code="1">0</subfield>
    <subfield code="2">local</subfield>
    <subfield code="4">0</subfield>
    <subfield code="5">5</subfield>
    <subfield code="7">0</subfield>
    <subfield code="8">TESIS</subfield>
    <subfield code="a">IA_</subfield>
    <subfield code="b">IA_</subfield>
    <subfield code="d">2025-05-27</subfield>
    <subfield code="e">El autor</subfield>
    <subfield code="l">0</subfield>
    <subfield code="o">Tesis Z37 2003</subfield>
    <subfield code="p">1101015479</subfield>
    <subfield code="r">2026-02-02 00:00:00</subfield>
    <subfield code="t">Ej.2</subfield>
    <subfield code="w">2025-05-27</subfield>
    <subfield code="y">TESIS</subfield>
  </datafield>
  <datafield tag="952" ind1=" " ind2=" ">
    <subfield code="0">0</subfield>
    <subfield code="1">0</subfield>
    <subfield code="2">local</subfield>
    <subfield code="4">0</subfield>
    <subfield code="7">0</subfield>
    <subfield code="8">TesDigL</subfield>
    <subfield code="a">IA_</subfield>
    <subfield code="b">IA_</subfield>
    <subfield code="c">E_L</subfield>
    <subfield code="d">2025-05-27</subfield>
    <subfield code="e">El autor</subfield>
    <subfield code="l">0</subfield>
    <subfield code="p">1201015478</subfield>
    <subfield code="r">2025-05-27 13:17:27</subfield>
    <subfield code="w">2025-05-27</subfield>
    <subfield code="y">TD</subfield>
  </datafield>
</record>
